| 000 | 00552nam a2200145Ia 4500 | ||
|---|---|---|---|
| 008 | 170221s9999 xx 000 0 und d | ||
| 100 | _aMohammed Wamique Hisam | ||
| 245 | 4 | _aThe Impact of Service Quality on Customer Satisfaction: A Study on Selected Retail Stores in India | |
| 245 | _cMohammed Wamique Hisam, Shouvik Sanyal, Moinuddin Ahmad | ||
| 260 | _bInternational Review of Management and Marketing | ||
| 260 | _cDecember 2012 | ||
| 300 | _a4:2 | ||
| 650 | _xMarketing. | ||
| 856 | _uhttp://www.econjournals.com/index.php/irmm/issue/view/88 | ||
| 999 |
_c310439 _d310439 |
||